000 01664nam a2200361 a 4500
001 ebr10516788
003 CaPaEBR
006 m u
007 cr cn|||||||||
008 840224s1964 nyua sb 100 0 eng d
010 _z 64025708
020 _z9781563478642
020 _z9781600862700 (e-book)
040 _aCaPaEBR
_cCaPaEBR
035 _a(OCoLC)654743065
050 1 4 _aQD516
_b.A44 1963eb
082 0 4 _a541.36
111 2 _aAmerican Institute of Aeronautics and Astronautics Heterogeneous Combustion Conference
_d(1963 :
_cPalm Beach, Fla.)
245 1 0 _aHeterogeneous combustion
_h[electronic resource] :
_ba selection of technical papers based mainly on the American Institute of Aeronautics and Astronautics Heterogeneous Combustion Conference held at Palm Beach, Florida, December 11-13, 1963 /
_cedited by Hans G. Wolfhard, Irvin Glassman, Leon Green, Jr.
260 _aNew York :
_bAcademic Press,
_c1964.
300 _axv, 765 p. :
_bill.
490 1 _aProgress in astronautics and aeronautics ;
_vv. 15
504 _aIncludes bibliographical references.
533 _aElectronic reproduction.
_bPalo Alto, Calif. :
_cebrary,
_d2013.
_nAvailable via World Wide Web.
_nAccess may be limited to ebrary affiliated libraries.
650 0 _aCombustion
_vCongresses.
655 7 _aElectronic books.
_2local
700 1 _aWolfhard, Hans G.
700 1 _aGlassman, Irvin.
700 1 _aGreen, Leon.
710 2 _aebrary, Inc.
830 0 _aProgress in astronautics and aeronautics ;
_vv. 15.
856 4 0 _uhttp://site.ebrary.com/lib/rucke/Doc?id=10516788
_zAn electronic book accessible through the World Wide Web; click to view
999 _c224360
_d224360